| 000 | 00191 a2200073 4500 | ||
|---|---|---|---|
| 999 |
_c90232 _d90231 |
||
| 005 | 20180720111057.0 | ||
| 008 | 180720b ||||| |||| 00| 0 eng d | ||
| 020 | _a9781482228908 | ||
| 100 | _aAzad, Saiful | ||
| 245 |
_aPractical cryptography _balgorithms and implementations using C++ |
||
| 260 |
_bAuerbach Publications _a New York _c2014 |
||
| 653 | _aComputer science, mathematics and statistics | ||
| 700 | _a Pathan, Al-Sakib Khan | ||
| 856 | _uhttps://www.taylorfrancis.com/books/9781482228908 | ||
| 942 | _cEB | ||